|
|
|
|
| LEADER |
00764nam a2200205ra 4500 |
| 001 |
c000124158 |
| 003 |
CARM |
| 005 |
00000000000000.0 |
| 008 |
s1910 fr 00000 fre d |
| 019 |
1 |
|
|a 9022232
|z 54239779
|5 LACONCORD2021
|
| 035 |
|
|
|a (OCoLC)1732210
|5 LACONCORD2021
|
| 100 |
1 |
|
|a Faguet, Emile,
|d 1847-1916.
|
| 245 |
1 |
0 |
|a Rousseau contre Moliere /
|c Emile Faguet.
|
| 260 |
|
|
|a Paris :
|b Societe francaise,
|c [1910]
|
| 300 |
|
|
|a 343 p.
|
| 600 |
1 |
0 |
|a Moliere,
|d 1622-1673.
|
| 600 |
1 |
0 |
|a Rousseau, Jean-Jacques,
|d 1712-1778,
|
| 852 |
8 |
|
|b CARM
|h A2:AE19G0
|i A00046
|p 0020399
|f BK
|
| 999 |
f |
f |
|i 157352e5-2b1d-551f-a7f5-c60bba3eca7c
|s b2324dfb-3312-5cb8-8ad4-7e4f1731ff31
|
| 952 |
f |
f |
|p Can circulate
|a CAVAL
|b CAVAL
|c CAVAL
|d CARM 1 Store
|e A00046
|f A2:AE19G0
|h Other scheme
|i book
|m 0020399
|